Chinafrica (Record no. 113668)
[ view plain ]
| 000 -LEADER | |
|---|---|
| fixed length control field | 00487cas a2200157 4500 |
| 008 - FIXED-LENGTH DATA ELEMENTS--GENERAL INFORMATION | |
| fixed length control field | 100513n eng u |
| 022 ## - INTERNATIONAL STANDARD SERIAL NUMBER | |
| International Standard Serial Number | 1674-7585 |
| 035 ## - SYSTEM CONTROL NUMBER | |
| System control number | (Sirsi) a169124 |
| 050 ## - LIBRARY OF CONGRESS CALL NUMBER | |
| Classification number | JC362 |
| 245 ## - TITLE STATEMENT | |
| Title | Chinafrica |
| 260 ## - PUBLICATION, DISTRIBUTION, ETC. | |
| Place of publication, distribution, etc. | Beijing: |
| Name of publisher, distributor, etc. | Beijing Review Magazine |
| 310 ## - CURRENT PUBLICATION FREQUENCY | |
| Current publication frequency | Monthly |
| 362 ## - DATES OF PUBLICATION AND/OR SEQUENTIAL DESIGNATION | |
| Dates of publication and/or sequential designation | Vol. 4, May 2012 |
| 520 ## - SUMMARY, ETC. | |
| Summary, etc. | The China Africa Magazine focuses on the Social,Economic and Political Development on Africa and China. |
| 650 ## - SUBJECT ADDED ENTRY--TOPICAL TERM | |
| Topical term or geographic name entry element | International Corporation |
No items available.